| 000 | 00493nam a22001697a 4500 | ||
|---|---|---|---|
| 999 |
_c17902 _d17902 |
||
| 008 | 191002b xxu||||| |||| 00| 0 eng d | ||
| 020 | _a8121939925 | ||
| 040 |
_aKABU _cKABU |
||
| 050 |
_aTX911.3 _b.N44 2013 c. 1 |
||
| 100 | _aNegi, Jagmohan | ||
| 245 |
_aHospitality reception & front office _bprocedures and system |
||
| 260 |
_aNew Delhi _bS. Chand & Company _c2013 |
||
| 300 | _axii. 276 p. | ||
| 650 | _aHotel management | ||
| 700 | _aGaurav, M.J. | ||
| 942 |
_2lcc _cBK _hTX911.3 |
||